| 000 | 00000nas 2200000za 4500 |
| 001 | 9.507499 |
| 003 | CaOODSP |
| 005 | 20221107133804 |
| 007 | cr ||||||||||| |
| 008 | 150406d20062011onczr pso||||f0 a0eng|d |
| 040 | |aCaOODSP|beng |
| 043 | |an-cn--- |
| 086 | 1 |aCC371-1E-PDF |
| 110 | 1 |aCanada.|bTelefilm Canada. |
| 245 | 10|aTelefilm Canada corporate plan ... |h[electronic resource]. |
| 260 | |aOttawa : |bTelefilm Canada |
| 310 | |aEvery five years |
| 362 | 1 |aBegan with 2006-2007/ 2010-2011; ceased with 2011-2012 /2014-2015. |
| 500 | |aIssued also in French under title: Téléfilm Canada, plan d'entreprise ... |
| 775 | 08|tTéléfilm Canada, plan d'entreprise ... |w(CaOODSP)9.503886 |